Pays membres de la Ligue Arabe - Statistiques

Statistiques générales
  • Ce quiz a été pris 323 fois
  • Le résultat moyen est 19 sur 22
Statistiques - réponses
Hint Réponse % Correct
1962 Algérie
98%
1958 Maroc
98%
1945 Égypte
97%
1945 Arabie saoudite
95%
1945 Irak
93%
1953 Libye
93%
1958 Tunisie
93%
1967 Émirats arabes unis
92%
1971 Qatar
92%
1945 Liban
90%
1971 Oman
90%
1945 Syrie
90%
1945 Yémen
90%
1956 Soudan
86%
1945 Jordanie
83%
1961 Koweït
83%
1973 Mauritanie
82%
1971 Bahrein
80%
1976 Somalie
72%
1976 Palestine
67%
1977 Djibouti
66%
1993 Comores
55%
Aucun quiz correspondant
Distribution des résultats
% des personnes avec chaque résultat
Percentile par nombre de réponses
Votre historique - résultats
Vous n’avez pas pris ce quiz